00814nmc a2200265 a 4500003000900000005001700009008004100026020001800067040001300085245006500098260003100163300002900194490002200223505006900245505001800314505003500332650002000367650001300387650001500400650001500415653002200430653002400452700003900476700003300515AR-BaBNM20251128211655.0185020s1998 ||||||||||||||000 | spa|| a950-23-0818-2 cAR-BaBNM10aLa nueva economía políticabracionalidad e instituciones aBuenos AiresbEudebac19980 a341 p.bgráfs., tablas 0aTemas. Política tDiferentes perspectivas dentro de la nueva economía política tInstituciones tEstudios comparados y de casos 4aTEORIA POLITICA 4aMERCADOS 4aBUROCRACIA 4aPRODUCCION 0aECONOMIA POLITICA 0aESTUDIOS COMPARADOS1 aSaiegh, Sebastián M.ecompilador1 aTommasi, Marianoecompilador